Countries That Colonized Africa - Statistics

General Stats
  • This quiz has been taken 4,608 times
  • The average score is 6 of 7
Answer Stats
Colonized Countries Country % Correct
Algeria, Chad, others France
98%
Egypt, Lesotho, Sudan, others United Kingdom
97%
Mozambique, Angola, others Portugal
87%
Equatorial Guinea Spain
86%
Burundi, Rwanda, Togo, others Germany
85%
Dem. Rep. of the Congo Belgium
81%
Libya, Eritrea, Somalia Italy
80%
No matching quizzes found
Score Distribution
Percent of People with Each Score
Percentile by Number Answered
Your Score History
You have not taken this quiz